000 00303nam a2200133 i 4500
001 bg
100 1 _aIVANOV, B. N.
245 0 _aPrincipy sovremennoj fiziki /
_cB.N. Ivanov.
260 _aMoskva,
_c1973.
040 _cBPK
041 _apol
942 _cKS
008 s pl f |000 0 pol
999 _c26681
_d26681
856 _uhttp://koha.tu.koszalin.pl/cgi-bin/koha/opac-detail.pl?biblionumber=26681
_yKatalog online BPK